000 00504nam a22001577a 4500
003 macl
005 20210210131414.0
008 210210b xxu||||| |||| 00| 0 eng d
040 _cmacl
082 _a920/SHA
100 _aशर्मा ,डॉ . जयभगवान
_975023
245 _aराष्‍ट्रपति रामनाथ कोविंद
260 _aदिल्‍ली
_bअनिल प्रकाशन
_c2018
650 _aजीवनी
_97943
942 _2ddc
_cHIN
999 _c64125
_d64125